Match The Singer With The Band-Click Chain! - Statistics

General Stats
  • This quiz has been taken 146 times
  • The average score is 23 of 40
Answer Stats
Hint Answer % Correct
Freddie Mercury Queen
94%
Kurt Cobain Nirvana
93%
Ozzy Osbourne... Black Sabbath
91%
Axl Rose... Guns And Roses
87%
Mick Jagger The Rolling Stones
87%
Steven Tyler... Aerosmith
85%
Dave Grohl Foo Fighters
81%
Stevie Nicks... Fleetwood Mac
79%
Tom Petty... _____And The Heartbreakers
78%
Billie Joe Armstrong Green Day
74%
Pete Townshend The Who
74%
Robert Plant... Led Zeppelin
71%
Brian Wilson The Beach Boys
68%
Eddie Vedder Pearl Jam
66%
James Hetfield... Metallica
65%
Mark Knopfler Dire Straits
62%
Roger Waters... Pink Floyd
62%
Micheal Stipe R.E.M.
62%
David Lee Roth... Van Halen
62%
Don Henley Eagles
60%
Brian Johnson AC/DC
57%
John Fogerty Creedence Clearwater Revival
56%
Joe Strummer The Clash
54%
Paul Stanley... KISS
52%
Steven Perry Journey
51%
Bruce Dickinson... Iron Maiden
50%
Jeff Lynne... Electric Light Orchestra
49%
Ray Davies The Kinks
49%
Vince Neil... Motley Crue
45%
Bret Michaels... Poison
44%
Billy Gibbons ZZ Top
44%
Geddy Lee Rush
43%
Ian Gillan Deep Purple
42%
Ronnie Van Zant... Lynyrd Skynyrd
42%
Paul David Hewson U2
40%
Joe Elliot Def Leppard
38%
Phil Anselmo... Pantera
31%
Kevin DuBrow... Quiet Riot
21%
Dave Meniketti... Y&T
16%
John Sykes Whitesnake
13%
No matching quizzes found
Score Distribution
Percent of People with Each Score
Percentile by Number Answered
Your Score History
You have not taken this quiz